Wife shaped bodies / Laura Cranehill.
Available copies
- 0 of 1 copy available at LARL/NWRL Consortium.
- 0 of 1 copy available at Lake Agassiz Regional Library. (Show preferred library)
Current holds
1 current hold with 1 total copy.
Show Only Available Copies
| Location | Call Number / Copy Notes | Barcode | Shelving Location | Status | Due Date |
|---|---|---|---|---|---|
| Moorhead Public Library | CRA (Text) | 33500014380083 | New | Checked out | 07/18/2026 |
Record details
- ISBN: 9781668098103
- ISBN: 1668098105
- Physical Description: 280 pages ; 22 cm
- Edition: First Saga Press trade paperback edition.
- Publisher: New York, NY : Saga Press, an imprint of Simon & Schuster, LLC, 2026.
- Copyright: ©2026
Content descriptions
| Summary, etc.: | "Forbidden from leaving her house from girlhood ... Read More |
Search for related items by subject
| Genre: | Lesbian horror fiction. LGBTQ+ horror fiction. Horror fiction. Dystopian fiction. Psychological fiction. Lesbian fiction. Novels. |
| LDR | 03444cam a2200601 i 4500 | ||
|---|---|---|---|
| 001 | 485394 | ||
| 003 | LARL_NWRL_CONSORTIUM | ||
| 005 | 20260520141612.0 | ||
| 008 | 260413t20262026nyu e 000 0 eng d | ||
| 040 | . | ‡aIEP ‡beng ‡cIEP ‡dIEP ‡dNYP ‡dOCLCO | |
| 020 | . | ‡a9781668098103 ‡q(paperback) | |
| 020 | . | ‡a1668098105 ‡q(paperback) | |
| 035 | . | ‡a(OCoLC)1584527913 | |
| 100 | 1 | . | ‡aCranehill, Laura, ‡eauthor. |
| 245 | 1 | 0. | ‡aWife shaped bodies / ‡cLaura Cranehill. |
| 250 | . | ‡aFirst Saga Press trade paperback edition. | |
| 264 | 1. | ‡aNew York, NY : ‡bSaga Press, an imprint of Simon & Schuster, LLC, ‡c2026. | |
| 264 | 4. | ‡c©2026 | |
| 300 | . | ‡a280 pages ; ‡c22 cm | |
| 334 | . | ‡asingle unit ‡bmono ‡0http://id.loc.gov/vocabulary/issuance/mono | |
| 336 | . | ‡atext ‡btxt ‡2rdacontent ‡0http://id.loc.gov/vocabulary/contentTypes/txt | |
| 337 | . | ‡aunmediated ‡bn ‡2rdamedia ‡0http://id.loc.gov/vocabulary/mediaTypes/n | |
| 338 | . | ‡avolume ‡bnc ‡2rdacarrier ‡0http://id.loc.gov/vocabulary/carriers/nc | |
| 520 | . | ‡a"Forbidden from leaving her house from girlhood until marriage, Nicole has only her mother's lessons and what she can see from her bedroom window to draw on in forming her view of the world, and of herself. Taught that the mushrooms which cover the women in her village are repulsive and dangerous, she conforms to a rigid set of rules to protect herself and those around her. When her wedding day arrives, Nicole moves from one prison to another--an empty mansion on the very outskirts of town belonging to the husband she's been promised to since birth. As she haunts the edges of Silas's unknowable life and decaying home, maintaining control over her own transforming body becomes increasingly impossible. And when another wife with rebellious tendencies pays Nicole an unexpected visit, something within her cracks open. Their furtive explorations yield confusing answers, unearthing the long-buried secrets of the generations of resentful brides that came before. Unmoored, angry, and at last awakened, Nicole must reckon with who she really is, and perhaps, give in to what she truly wants." -- Provided by publisher | |
| 650 | 0. | ‡aMarried women ‡vFiction. ‡0(LARL_NWRL_CONSORTIUM)166048 | |
| 650 | 0. | ‡aAbusive men ‡vFiction. ‡0(LARL_NWRL_CONSORTIUM)170360 | |
| 650 | 0. | ‡aSexual minorities ‡vFiction. | |
| 650 | 0. | ‡aHuman body ‡vFiction. ‡0(LARL_NWRL_CONSORTIUM)170315 | |
| 650 | 0. | ‡aFungi ‡vFiction. | |
| 650 | 0. | ‡aMushrooms ‡vFiction. | |
| 650 | 0. | ‡aBody image ‡vFiction. | |
| 650 | 0. | ‡aSocial isolation ‡vFiction. ‡0(LARL_NWRL_CONSORTIUM)175141 | |
| 650 | 0. | ‡aSecrecy ‡vFiction. ‡0(LARL_NWRL_CONSORTIUM)167261 | |
| 650 | 0. | ‡aIntimate partner violence ‡vFiction. | |
| 650 | 0. | ‡aMan-woman relationships ‡vFiction. ‡0(LARL_NWRL_CONSORTIUM)165985 | |
| 650 | 0. | ‡aWoman-woman relationships ‡vFiction. | |
| 655 | 7. | ‡aLesbian horror fiction. ‡2homoit | |
| 655 | 7. | ‡aLGBTQ+ horror fiction. ‡2homoit | |
| 655 | 7. | ‡aHorror fiction. ‡2lcgft | |
| 655 | 7. | ‡aDystopian fiction. ‡2lcgft | |
| 655 | 7. | ‡aPsychological fiction. ‡2lcgft | |
| 655 | 7. | ‡aLesbian fiction. ‡2lcgft | |
| 655 | 7. | ‡aNovels. ‡2lcgft | |
| 710 | 2 | . | ‡aSimon and Schuster, Inc., ‡epublisher. ‡0(LARL_NWRL_CONSORTIUM)51610 |
| 905 | . | ‡uvanderl | |
| 901 | . | ‡a485394 ‡bAUTOGEN ‡c485394 ‡tbiblio ‡soclc | |

Add to basket
Permalink
Disable Highlighting